MARC details
| 000 -CABECERA |
| campo de control de longitud fija |
01060nam a22002657a 4500 |
| 005 - FECHA Y HORA DE LA ÚLTIMA TRANSACCIÓN |
| campo de control |
20260416150034.0 |
| 007 - CAMPO FIJO DE DESCRIPCIÓN FÍSICA--INFORMACIÓN GENERAL |
| campo de control de longitud fija |
cr |||aaa||||| |
| 008 - ELEMENTOS DE LONGITUD FIJA--INFORMACIÓN GENERAL |
| campo de control de longitud fija |
260416s2003 sp|a||| o|||| 001 0 spa d |
| 020 ## - NÚMERO INTERNACIONAL NORMALIZADO PARA LIBROS |
| Número Internacional Estándar del Libro |
8479088354 |
| 040 ## - FUENTE DE LA CATALOGACIÓN |
| Centro catalogador/agencia de origen |
MX-MxUPN |
| Lengua de catalogación |
spa |
| Normas de descripción |
aacr2 |
| 041 0# - CÓDIGO DE IDIOMA |
| Código de lengua del texto/banda sonora o título independiente |
spa |
| 050 #4 - SIGNATURA TOPOGRÁFICA DE LA BIBLIOTECA DEL CONGRESO |
| Número de clasificación |
GV333 A46 |
| 100 1# - ASIENTO PRINCIPAL--NOMBRE PERSONAL |
| Nombre de persona |
Fernández Sirvent, Rafael |
| 9 (RLIN) |
59285 |
| 245 ## - MENCIÓN DE TÍTULO |
| Título |
Francisco Amorós y los inicios de la educación física moderna : |
| Resto del título |
biografía de un funcionario al servicio de España y Francia |
| Medio |
[recurso electrónico en línea] |
| 260 ## - PUBLICACIÓN, DISTRIBUCIÓN, ETC. |
| Lugar de publicación, distribución, etc. |
San Vicente del Raspeig : |
| Nombre del editor, distribuidor, etc. |
Universidad de Alicante, |
| Fecha de publicación, distribución, etc. |
[2003] |
| 300 ## - DESCRIPCIÓN FÍSICA |
| Extensión |
1 recurso en línea (393 páginas) : |
| Otras características físicas |
ilustraciones, PDF |
| 490 0# - MENCIÓN DE SERIE |
| Mención de serie |
Monografías |
| 500 ## - NOTA GENERAL |
| Nota general |
Fecha de publicación tomada de la descripción del repositorio. |
| 506 0# - NOTA DE RESTRICCIONES AL ACCESO |
| Limitaciones de acceso |
Acceso abierto |
| 600 10 - ASIENTO SECUNDARIO DE MATERIA - NOMBRE PERSONAL |
| Nombre de persona |
Amorós y Ondeano, Francisco, |
| Fechas asociadas al nombre |
1770-1848 |
| 9 (RLIN) |
59286 |
| 650 #4 - ASIENTO SECUNDARIO DE MATERIA - TERMINO TEMATICO |
| Término de materia o nombre geográfico como elemento de entrada |
Educación fisica |
| Subdivisión geográfica |
Francia |
| Subdivisión general |
Historia |
| Subdivisión cronológica |
Siglo XIX |
| 9 (RLIN) |
59288 |
| 856 40 - LOCALIZACIÓN Y ACCESO ELECTRÓNICOS |
| Identificador Uniforme del Recurso |
<a href="http://hdl.handle.net/10045/70968">http://hdl.handle.net/10045/70968</a> |
| 902 ## - ELEMENTOS DE DATOS B LOCAL, LDB (RLIN) |
| Creó |
VíctorGodínez/160426 |
| 942 ## - ELEMENTOS DE PUNTO DE ACCESO ADICIONAL (KOHA) |
| Fuente del sistema de clasificación o colocación |
Library of Congress Classification |
| Tipo de ítem Koha |
Libro Electrónico |